| 000 | 00874nam a22002537a 4500 | ||
|---|---|---|---|
| 999 |
_c4826 _d4826 |
||
| 003 | AR-CdUCM | ||
| 008 | 190311b ||||| |||| 00| 0 spa d | ||
| 040 |
_aMUNICIPALIDAD PROVINCIAL DEL CUSCO _cBIBLIOTECA MUNICIPAL DEL CUSCO |
||
| 041 | _hfre | ||
| 082 |
_a954.09 / _bM42 |
||
| 100 |
_aMende , Tibor _914877 |
||
| 245 | _aLa india contemporánea / | ||
| 260 |
_aMéxico, D. F : _bFondo de Cultura económica, _c1954. |
||
| 300 |
_a321 paginas ; _c17 cm. |
||
| 440 |
_aBrevario _n91 _914878 |
||
| 505 | _aPuedes pegar mientras viva -- Desierto y textiles -- La liberta en traje de etiqueta -- El paraíso en la tierra -- El problema de bengala ... | ||
| 650 |
_aDescripciones y viajes _9497 |
||
| 650 |
_aIndia _92692 |
||
| 650 |
_aPolítica _9291 |
||
| 650 |
_aSiglo XX. _98 |
||
| 700 |
_aGonzáles Aramburo, Francisco _914292 |
||
| 942 |
_2ddc _cLIBROS |
||
| 945 | _aacv | ||